Fizik SPM

Bibliographic Details
Main Author: Yap Eng Keat
Other Authors: Khoo Goh Kow
Format: Book
Published: Petaling Jaya : Pearson Malaysia Sdn. Bhd. , 2013
Series:Longman esensi
Subjects:

MARC

LEADER 00000cam a2200000 7i4500
001 0000172347
005 20130313.0
020 |a 9789674027407 
090 0 0 |a 530   |b YAP 
100 0 |a Yap Eng Keat 
245 1 0 |a Fizik SPM   |c Yap Eng Keat, Khoo Goh Kow 
260 |a Petaling Jaya :   |b Pearson Malaysia Sdn. Bhd. ,   |c 2013 
300 |a 546p. ;   |c 26cm. 
490 0 |a Longman esensi 
650 0 0 |a Physics   |x SPM 
700 0 |a Khoo Goh Kow 
999 |a 00274112   |b BUKU   |c RUJUKAN ULANGKAJI   |e PERPUSTAKAAN KOMUNITI PETALING JAYA